Normal view
MARC view
Entry Personal Name
001 - CONTROL NUMBER
- control field: 6976
003 - CONTROL NUMBER IDENTIFIER
- control field: ARRUPE
005 - DATE AND TIME OF LATEST TRANSACTION
- control field: 20140122140024.0
008 - FIXED-LENGTH DATA ELEMENTS
- fixed length control field: 140122|| aca||aabn | a|a d
040 ## - CATALOGING SOURCE
- Original cataloging agency: ARRUPE
- Transcribing agency: ARRUPE
100 ## - HEADING--PERSONAL NAME
- Personal name: MacKenna, J. (ed)
670 ## - SOURCE DATA FOUND
- Source citation: Work cat.: (ARRUPE): Burns, Robert 6975, The Poems and songs of Robert Burns 1759-1796, no date